| 000 | 00400nam a2200145Ia 4500 | ||
|---|---|---|---|
| 008 | 150201s2013 xx 000 0 und d | ||
| 082 |
_a5.74 _bELM |
||
| 100 | _aElmasri,Ramez | ||
| 245 | _aDatabase systems : models, languages, design, and application programming | ||
| 250 | _a6th Ed. | ||
| 260 |
_bPearson _aN.Delhi _c2013 |
||
| 300 | _a1214p. | ||
| 700 | _aNavathe,Shamkant B | ||
| 942 |
_2ddc _cBK _01 |
||
| 999 |
_c5691 _d5691 |
||